000 00252nam a2200109Ia 4500
005 20250424120329.0
008 250424s9999 xx 000 0 und d
022 _a1587660068
245 4 _aThe new york times
260 _bGB Galahad Books
942 _cSR
999 _c38704
_d38704